000 00802nam a22002057a 4500
999 _c8313
_d8313
003 AR-CdUCM
008 190322b ||||| |||| 00| 0 spa d
040 _aMUNICIPALIDAD PROVINCIAL DEL CUSCO
_cBIBLIOTECA MUNICIPAL DEL CUSCO
082 _a510.09 /
_bB17
100 _aBalanzat, Manuel
_923358
245 _aIntroducción a la matemática moderna /
260 _aBuenos Aires :
_b Atlántida,
_c1946.
300 _a253 paginas ;
_c16 cm.
505 _aContenido :El concepto de numero natural --La geometría de los griegos -- La geometría analítica -- El calculo infinitesimal -- Influencia de la matemática en la cultura de las diversas épocas ...
650 _aHistoria
_9136
650 _aMatemáticas
_99398
650 _aNúmeros naturales
_920995
942 _2ddc
_cLIBROS
945 _arum